| 000 | 00833nam a2200289 a 4500 | ||
|---|---|---|---|
| 001 | vtls001438569 | ||
| 003 | NLI | ||
| 005 | 20210627122019.0 | ||
| 008 | 121130n ii f 000 0 eng | ||
| 039 | 9 |
_y201211301643 _zVLOAD |
|
| 040 |
_aNLI _beng _cDatasoft_GENG _eAACR2 |
||
| 041 | 0 | _aeng | |
| 044 | _aii | ||
| 082 | 0 | 4 | _a291 |
| 100 | 1 |
_aKanal, S. P. _91003416 |
|
| 245 | 1 | 0 |
_aUnity of religions / _cS. P. Kanal |
| 260 |
_aNew Delhi : _bDev Samaj Prakashan, _c[n.d.] |
||
| 300 |
_a29 p. ; _c22 cm. |
||
| 650 | 0 |
_aReligions _x Handbooks, manuals, etc. _91003554 |
|
| 650 | 0 |
_aReligions _x Relations _x Handbooks, manuals, etc. _91003555 |
|
| 887 | _a | ||
| 901 |
_aDB59940 _b23.08.1991 |
||
| 902 | _aE 291 K 131 u | ||
| 904 | _l771 | ||
| 949 |
_AVIRTUAITEM _D10000 _X100 _6DBA000059940ENG |
||
| 942 |
_2ddc _cBKS |
||
| 999 |
_aVIRTUA40 _c891740 _d891740 |
||